|
|
|
|
| LEADER |
00000ngm a2200000 4500 |
| 001 |
vtls012158362 |
| 003 |
SK-MaSNL |
| 005 |
20260302025533.0 |
| 007 |
vd uvuizu |
| 008 |
230116s2020 xo 000 f vlslo |
| 020 |
|
|
|a 9788081912689
|q (videodisk)
|
| 040 |
|
|
|a SNK
|b slo
|c SNK
|e rda
|
| 041 |
0 |
|
|a slo
|
| 044 |
|
|
|a xo
|c SK
|
| 100 |
1 |
|
|a Dojčár, Martin,
|d 1971-
|4 aut
|9 232901
|
| 245 |
0 |
0 |
|a Kresťanská mystika
|c Martin Dojčár
|
| 264 |
|
1 |
|a Trnava
|b Dobrá kniha
|c 2020
|
| 300 |
|
|
|a 1 DVD
|b MP4
|c 12 cm
|
| 336 |
|
|
|a dvojrozmerný pohyblivý obraz
|b tdi
|2 rdacontent
|
| 337 |
|
|
|a video
|b v
|2 rdamedia
|
| 338 |
|
|
|a videodisk
|b vd
|2 rdacarrier
|
| 655 |
|
7 |
|a DVD
|2 SNKPH
|9 70751
|
| 999 |
|
|
|c 1044560
|d 1046490
|
| 952 |
|
|
|a SNK
|b SNK
|y PREZ
|7 0
|p 17A1516743
|o snkSDVD 2129
|i snk2023/641
|8 0
|0 0
|1 0
|4 0
|d 2023-01-16
|l 0
|r 2026-02-24 14:35:44
|w 2026-02-24
|
| 952 |
|
|
|a SNK
|b SNK
|y PREZ
|7 0
|p 17A1516744
|o snkSDVD 2129 D1
|i snk2023/642
|8 0
|0 0
|1 0
|4 0
|d 2023-01-16
|l 0
|r 2026-02-24 14:35:45
|w 2026-02-24
|